Multikulturní problémy ve firemní kultuře

Konflikty, ktoré vznikajú príchodom zahraničného managementu do cudzieho hostiteľského prostredia. Analýza príčin najčastejších konfliktých situácií. Konkrétne prípady z praxe a návod na efektívnu multikultúrnu komunikáciu.

Gespeichert in:
Bibliographische Detailangaben
1. Verfasser: Neuwirthová, Magda
Format: Buchkapitel
Sprache:Tschechisch
Schlagworte:
Tags: Tag hinzufügen
Keine Tags, Fügen Sie das erste Tag hinzu!

MARC

LEADER 00000naa a2200000 4500
001 0206622
005 20231121095007.6
041 0 |a cze 
044 |a CZ 
245 1 0 |a Multikulturní problémy ve firemní kultuře  |c Magda Neuwirthová 
520 |a Konflikty, ktoré vznikajú príchodom zahraničného managementu do cudzieho hostiteľského prostredia. Analýza príčin najčastejších konfliktých situácií. Konkrétne prípady z praxe a návod na efektívnu multikultúrnu komunikáciu. 
610 2 0 |a komunikácia multikultúrna 
610 2 0 |a riadenie podnikové 
610 2 0 |a manažment 
610 2 0 |a manažment komunikačný 
100 1 |a Neuwirthová, Magda